|
|
|
|
| LEADER |
00000nam0a2200000 4500 |
| 001 |
130909 |
| 005 |
20231101220254.0 |
| 010 |
|
|
|a 9785769540790
|
| 035 |
|
|
|a (RuTPU)RU\TPU\book\141779
|
| 090 |
|
|
|a 130909
|
| 100 |
|
|
|a 20080211d2008 m y0rusy50 ca
|
| 101 |
0 |
|
|a rus
|
| 102 |
|
|
|a RU
|
| 105 |
|
|
|a a j 001zy
|
| 200 |
1 |
|
|a Техническая электродинамика
|e [учебное пособие]
|f Е. И. Нефедов
|
| 210 |
|
|
|a Москва
|c Академия
|d 2008
|
| 215 |
|
|
|a 416 с.
|c ил.
|
| 225 |
1 |
|
|a Высшее профессиональное образование. Радиоэлектроника
|
| 320 |
|
|
|a Список литературы: с. 396-401.
|
| 320 |
|
|
|a Предметный указатель: с. 402-406.
|
| 330 |
|
|
|a Рассмотрены общие законы электродинамики, исследованы их частные случаи. Приведено большое число примеров физического анализа и алгоритмов проектирования линий передачи, а также базовых элементов для плоскостных и объемных интегральных схем сверхвысоких и крайне высоких частот. Для студентов высших учебных заведений.
|
| 606 |
1 |
|
|a Электродинамика техническая
|2 stltpush
|3 (RuTPU)RU\TPU\subj\19948
|9 45108
|
| 610 |
1 |
|
|a сверхвысокочастотная техника
|
| 610 |
1 |
|
|a элементная база
|
| 610 |
1 |
|
|a крайневысокочастотная техника
|
| 610 |
1 |
|
|a линии передачи
|
| 610 |
1 |
|
|a классификации
|
| 610 |
1 |
|
|a распространяющиеся электромагнитные волны
|
| 610 |
1 |
|
|a макроскопическая электродинамика
|
| 610 |
1 |
|
|a уравнения Максвелла
|
| 610 |
1 |
|
|a граничные условия
|
| 610 |
1 |
|
|a волновое уравнение
|
| 610 |
1 |
|
|a электродинамические потенциалы
|
| 610 |
1 |
|
|a функция Грина
|
| 610 |
1 |
|
|a плоские волны
|
| 610 |
1 |
|
|a цилиндрические волны
|
| 610 |
1 |
|
|a гиротропные среды
|
| 610 |
1 |
|
|a полые волноводы
|
| 610 |
1 |
|
|a полосковые линии передачи
|
| 610 |
1 |
|
|a щелевые линии передачи
|
| 610 |
1 |
|
|a периодические структуры
|
| 610 |
1 |
|
|a диэлектрические волноводы
|
| 610 |
1 |
|
|a световоды
|
| 610 |
1 |
|
|a закрытые резонаторы
|
| 610 |
1 |
|
|a открытые резонаторы
|
| 610 |
1 |
|
|a возбуждение
|
| 610 |
1 |
|
|a учебные пособия
|
| 610 |
1 |
|
|a радиоэлектроника
|
| 675 |
|
|
|a 621.3(075.8)
|v 3
|
| 700 |
|
1 |
|a Нефедов
|b Е. И.
|g Евгений Иванович
|
| 801 |
|
1 |
|a RU
|b 63413507
|c 20080211
|g PSBO
|
| 801 |
|
2 |
|a RU
|b 63413507
|c 20150613
|g PSBO
|
| 900 |
|
|
|a Электродинамика
|
| 900 |
|
|
|a Макроскопическая электродинамика
|
| 900 |
|
|
|a Макроэлектродинамика
|
| 942 |
|
|
|c BK
|
| 959 |
|
|
|a 12/20080201
|d 1
|e 0
|f ЧЗТЛ:1
|
| 959 |
|
|
|a 115/20081202
|d 1
|e 0
|f АНЛ:1
|